| Tag |
First Indicator |
Second Indicator |
Subfields |
| LEADER |
00000cam a2200000 4500 |
| 001 |
in00000061788 |
| 005 |
20151008050611.0 |
| 008 |
740802s1954 ilu 00000 eng d |
| 010 |
|
|
|a 54011849
|
| 035 |
|
|
|a (OCoLC)00972303
|
| 035 |
|
|
|9 AAG2051AM
|
| 040 |
|
|
|a KSU
|c KSU
|d OCL
|d TXA
|d UtOrBLW
|
| 049 |
|
|
|a TXAM
|c [A05859875]
|
| 090 |
|
|
|a KF6276
|b .C6 1954
|
| 110 |
2 |
|
|a Commerce Clearing House.
|
| 245 |
1 |
0 |
|a New revenue code of '54 explained. :
|b Based on the new law as approved by the President, August 16, 1954 (9:45 a.m. Eastern Daylight Saving Time). [Public law 591].
|
| 264 |
|
1 |
|a [Chicago],
|b [publisher not identified] ;
|c [1954]
|
| 300 |
|
|
|a 192 pages ;
|c 24 cm.
|
| 336 |
|
|
|a text
|b txt
|2 rdacontent
|
| 337 |
|
|
|a unmediated
|b n
|2 rdamedia
|
| 338 |
|
|
|a volume
|b nc
|2 rdacarrier
|
| 490 |
1 |
|
|a CCH current law handybook ed
|
| 500 |
|
|
|a On cover: Furnished by the Ohio Manufacturers' Association, Columbus, Ohio.
|
| 650 |
|
0 |
|a Taxation
|z United States
|x Law and legislation.
|
| 740 |
0 |
|
|a Revenue code of '54
|
| 830 |
|
0 |
|a Current law handybook.
|
| 999 |
|
|
|a MARS
|
| 999 |
f |
f |
|s 314a9dc8-6b41-3d43-80bc-877390326d4f
|i b5d261b4-04e2-3fbe-b2c0-8584977232fc
|t 0
|
| 952 |
f |
f |
|p ric
|a Texas A&M University
|b Rellis Campus
|c Joint Library Facility
|d Remote Storage
|t 0
|e KF6276 .C6 1954
|h Library of Congress classification
|i unmediated -- volume
|m A14805859875
|
| 998 |
f |
f |
|a KF6276 .C6 1954
|t 0
|l Remote Storage
|